Central Library OPAC University of Rajshahi
Normal view MARC view

Entry Personal Name

Number of records used in: 5

001 - CONTROL NUMBER

  • control field: 15715

003 - CONTROL NUMBER IDENTIFIER

  • control field: BD-RjUL

005 - DATE AND TIME OF LATEST TRANSACTION

  • control field: 20250618122646.0

008 - FIXED-LENGTH DATA ELEMENTS

  • fixed length control field: 250618|| aca||aabn | a|a d

040 ## - CATALOGING SOURCE

  • Original cataloging agency: BD-RjUL
  • Transcribing agency: BD-RjUL

100 ## - HEADING--PERSONAL NAME

  • Personal name: Milton, John,
  • Dates associated with a name: 1608-1674

670 ## - SOURCE DATA FOUND

  • Source citation: Work cat.: (BD-RjUL)21863: Milton, John, 1608-1674. 67500, Areopagitica, and Of education /, c1963 [Reprinted 1967].